<?xml version="1.0" encoding="UTF-8"?>
<record
    xmlns:xsi="http://www.w3.org/2001/XMLSchema-instance"
    xsi:schemaLocation="http://www.loc.gov/MARC21/slim http://www.loc.gov/standards/marcxml/schema/MARC21slim.xsd"
    xmlns="http://www.loc.gov/MARC21/slim">

  <leader>01346nam a2200253   4500</leader>
  <controlfield tag="001">113550</controlfield>
  <controlfield tag="003">DR-UNIBE</controlfield>
  <controlfield tag="005">20250506091452.0</controlfield>
  <controlfield tag="008">250502b        es ||||| |||| 00| 0 spa d</controlfield>
  <datafield tag="040" ind1=" " ind2=" ">
    <subfield code="a">BIBLIOTECA UNIBE</subfield>
    <subfield code="c">BIBLIOTECA UNIBE</subfield>
    <subfield code="b">spa</subfield>
    <subfield code="e">rda</subfield>
  </datafield>
  <datafield tag="041" ind1=" " ind2=" ">
    <subfield code="a">spa</subfield>
  </datafield>
  <datafield tag="082" ind1=" " ind2=" ">
    <subfield code="2">22</subfield>
    <subfield code="a">342.22 M773a</subfield>
  </datafield>
  <datafield tag="100" ind1="1" ind2="0">
    <subfield code="a">Montecino Giral,  Manuel Arturo</subfield>
    <subfield code="9">194900</subfield>
    <subfield code="e">autor</subfield>
  </datafield>
  <datafield tag="245" ind1="1" ind2="3">
    <subfield code="a"> El amparo en El Salvador /</subfield>
    <subfield code="c">Manuel Arturo Montecino Giralt; dise&#xF1;o de portada y diagramaci&#xF3;n: Roxana Maricela L&#xF3;pez de Linares ; pr&#xF3;logo: Cayetano N&#xFA;&#xF1;ez Rivera</subfield>
  </datafield>
  <datafield tag="250" ind1=" " ind2=" ">
    <subfield code="a">Primera edici&#xF3;n</subfield>
  </datafield>
  <datafield tag="260" ind1=" " ind2=" ">
    <subfield code="a">San Salvador</subfield>
    <subfield code="b">Corte Suprema de Justicia. Secci&#xF3;n de Publicaciones, </subfield>
    <subfield code="c">2005</subfield>
  </datafield>
  <datafield tag="300" ind1=" " ind2=" ">
    <subfield code="a">297 p&#xE1;ginas :</subfield>
    <subfield code="c">24 x 18 cm</subfield>
  </datafield>
  <datafield tag="504" ind1=" " ind2=" ">
    <subfield code="a">Incluye bibliograf&#xED;a</subfield>
  </datafield>
  <datafield tag="505" ind1=" " ind2=" ">
    <subfield code="a">Pr&#xF3;logo |
Introducci&#xF3;n |
Cap&#xED;tulo I. Antecedentes e influencias del amparo en El Salvador |
Cap&#xED;tulo II. Aspectos generales del amparo y su pretensi&#xF3;n |
Cap&#xED;tulo III. Capacidad y legitimaci&#xF3;n procesal en el amparo |
Cap&#xED;tulo IV. Presupuestos procesales y la demanda de amparo y sus rechazos liminares |
Bibliograf&#xED;a
</subfield>
  </datafield>
  <datafield tag="650" ind1=" " ind2="7">
    <subfield code="a"> Recurso de amparo </subfield>
    <subfield code="x">Legislaci&#xF3;n</subfield>
    <subfield code="z">El Salvador</subfield>
    <subfield code="9">194906</subfield>
  </datafield>
  <datafield tag="700" ind1="1" ind2="0">
    <subfield code="a">L&#xF3;pez de Linares, Roxana Maricela</subfield>
    <subfield code="9">194902</subfield>
    <subfield code="e">dise&#xF1;ador de portada</subfield>
    <subfield code="e">diagramador</subfield>
  </datafield>
  <datafield tag="700" ind1="1" ind2="0">
    <subfield code="a">N&#xFA;&#xF1;ez Rivero, Cayetano</subfield>
    <subfield code="9">194903</subfield>
    <subfield code="e">pr&#xF3;loguista</subfield>
  </datafield>
  <datafield tag="942" ind1=" " ind2=" ">
    <subfield code="2">ddc</subfield>
    <subfield code="c">BK</subfield>
  </datafield>
  <datafield tag="999" ind1=" " ind2=" ">
    <subfield code="c">113550</subfield>
    <subfield code="d">113550</subfield>
  </datafield>
  <datafield tag="952" ind1=" " ind2=" ">
    <subfield code="0">0</subfield>
    <subfield code="1">0</subfield>
    <subfield code="2">ddc</subfield>
    <subfield code="7">0</subfield>
    <subfield code="8">GEN</subfield>
    <subfield code="a">Principal</subfield>
    <subfield code="d">2025-04-08</subfield>
    <subfield code="l">0</subfield>
    <subfield code="o">342.22 M773a</subfield>
    <subfield code="p">250399</subfield>
    <subfield code="r">2025-05-02 16:09:11</subfield>
    <subfield code="t">Ej. 1</subfield>
    <subfield code="w">2025-05-02</subfield>
    <subfield code="y">BK</subfield>
  </datafield>
</record>
